| 000 | 00829nam a22002057a 4500 | ||
|---|---|---|---|
| 999 |
_c6066 _d6066 |
||
| 005 | 20260203165941.0 | ||
| 008 | 260203b ||||| |||| 00| 0 eng d | ||
| 020 | _a9780358206354 | ||
| 040 | _cKH8 | ||
| 082 | _a741.5 MIL | ||
| 100 |
_aMILLER,KAYLA _eAUTHOR |
||
| 245 | _aACT | ||
| 260 |
_a3 Park Avenue,19th Floor,New York,New York 10016 _bHoughton Mifflin Harcourt Publishing Company _c©2020 |
||
| 300 |
_a203 pages _bcolour illustration _c14cm x 20cm |
||
| 520 | _aOlive is excited to start sixth grade: new teachers, new experiences, and a field trip to the big city with her best buds! But when Olive finds out that a school policy is keeping some kids from going on the trip, she decides to act. - Library Thing - | ||
| 650 |
_aJuvenile Fiction _vFriendship |
||
| 655 | _aComic | ||
| 655 | _aSocial | ||
| 942 |
_2ddc _cGN |
||